000 00658nam a2200205Ia 4500
005 20260121110145.0
008 008 260114s9999 xx 000 0 hin d
020 _a9788132355991
037 _aEBOOK
040 _aCRL
_bhin
_cCRL
041 _ahin
_2hin
084 _qCRL
100 _aराकेश यादव / Rakesh Yadav
_9942751
245 0 _aसूचना संजाल और हिन्दी / Soochna Sanjaal aur Hindi
260 _bभाषा प्रकाशन / Bhasha Prakashan
_c2021
856 _uhttps://bhashaprakashan.com/product-details/378736
942 _cEBOOK
999 _c1534416
_d1534416